000 00440nam a22001697a 4500
999 _c1472
_d1472
008 200124b ||||| |||| 00| 0 eng d
082 0 0 _a621.94
_bC7272
100 _9251
_aColvin, Fred H.
245 1 0 _aTurning and boring practice
_cby Fred H Colvin
250 _a3rd
260 _aNew York
_bMcGraw-Hill
_c1948
300 _axv,531p.
365 _d29.04
650 0 _aDrilling and boring
700 _9253
_aStanley, Frank A.
942 _cBK